000 01162cam a22003137i 4500
999 _c3779
_d3779
001 19476791
003 OSt
005 20241026131401.0
008 170202s2016 enka 000 0 eng
010 _a 2016440115
020 _a9781316600382 (pbk.)
040 _aDLC
_beng
_cDLC
_erda
_dDLC
_dKH8
050 0 0 _aMLCM 2023/42906 (Q)
082 _a510 DOB
100 1 _aDobbs, Steve,
_eauthor.
245 1 0 _aCambridge international AS and A level mathematics.
_pStatistics 1.
_pCoursebook /
_cSteve Dobbs, Jane Miller and Julian Gilbey.
250 _aRevised edition.
264 1 _aCambridge, United Kingdom :
_bCambridge University Press,
_c2016.
300 _avii, 201 pages :
_billustrations (some color) ;
_c28 cm.
336 _atext
_2rdacontent
337 _aunmediated
_2rdamedia
338 _avolume
_2rdacarrier
650 0 _aStatistics.
700 1 _aMiller, J. C.
_q(Jane Charlotte),
_eauthor.
700 1 _aGilbey, Julian,
_eauthor.
906 _a7
_bcbc
_corigres
_d4
_encip
_f20
_gy-gencatlg
942 _2ddc
_cTR